| 000 | 00590nam a2200157Ia 4500 | ||
|---|---|---|---|
| 008 | 220216s9999 xx 000 0 und d | ||
| 100 | _aThomas M. | ||
| 245 | 0 | _aClonal variations in leaf fatty acid composition: Possible role in cold tolerance in Hevea | |
| 260 |
_bInternational Workshop on Climate Change and Rubber Cultivation: R & D Priorities, 28-30 July 2010, Rubber Research Institute of India, Kottayam, pp. 42-43 _c2010 |
||
| 650 | _aClonal variation | ||
| 650 | _aCold tolerance | ||
| 650 | _aHevea | ||
| 650 | _aLeaf fatty acid | ||
| 700 | _aGopalakrishnan J. | ||
| 942 | _cJS | ||
| 999 |
_c55748 _d55748 |
||